000 03831nam a22003137i 4500
001 TCPA 38
003 gtcocun
005 20250911210123.0
006 a||||gr|||| 00| 0
008 250911b2016 gt ||||| m||| 00| 0 eng d
040 _agtcocun
_bSPA
_cgtcocun
_eRDA
041 _aSPA
084 _0TCPA 38
100 _aPoou González, Luis German
_eAutor
245 _aInforme final del Ejercicio Profesional Supervisado, realizado en Proyectos Integrados de Construcción, Santa Cruz Verapaz, Alta Verapaz/
_cLuis German Poou González
_hImpreso
264 _aCobán, Alta Verapaz:
_bUniversidad de San Carlos de Guatemala, Centro Universitario del Norte, Licenciatura en Contaduría Pública y Auditoría.
_c2016
300 _a59 p.:
_bIlustraciones, gráficas.
_c28 cm; PDF
336 _2rdacontenido
_aTexto
_btxt
337 _2rdamedio
_aComputadora
_bn
338 _2rdasoporte
_aCódigo en línea
_bcr
502 _e.
502 _aTesis de grado
_bLicenciatura en Contaduría Pública y Auditoría.
_cUniversidad de San Carlos de Guatemala, Centro Universitario del Norte, Licenciatura en Contaduría Pública y Auditoría.
_d2016
_oTCPA 38
520 1 4 _aLa Universidad de San Carlos de Guatemala (USAC), es una institución que brinda estudio a la población en general con la finalidad de ayudar al desarrollo económico y social de nuestra Guatemala. El Centro Universitario del Norte (CUNOR) a través la carrera de Ciencias Económicas fomenta la licenciatura de Contaduría Pública y Auditoria, dicha carrera forma personas con ética profesional y valores culturales, morales y cívicos. En la actualidad el pensum de la carrera de Contaduría Pública y Auditoria, exige la ejecución del Ejercicio Profesional Supervisado (EPS) que provee a los estudiantes los conocimientos necesarios que van encaminados hacia la búsqueda de mecanismos que permitan plantear las posibles soluciones a los problemas socioeconómicos de la población como también a la ayuda del desarrollo de las empresas instaladas en nuestro entorno. Dentro de las actividades realizadas del Ejercicio Profesional Supervisado se pueden mencionar la etapa del diagnóstico en donde se investigaron todos los antecedentes de la empresa para ello se aplicaron los instrumentos preparados con el fin de recolectar la información necesaria, posteriormente se planificaron las actividades a realizar dentro de la empresa para marcar tiempos de ejecución y poder cumplir con el fin primordial del Ejercicio Profesional Supervisado. Una etapa importante a desarrollar fue la ejecución de las actividades en donde se dio cumplimiento con la planificación establecida, en dicha etapa se utilizó un tiempo más extenso para relacionarse con las personas que laboran dentro de la empresa y realizar las intervenciones establecidas en la planificación, dejando así un aporte relevante para la empresa ya que con lo establecido, las operaciones y procesos contables de Proyectos Integrados de Construcción son más eficientes. Fue necesario realizar algunos ajustes a la contabilidad, como también corregir operaciones que se encontraban mal elaboradas, así mismo la implementación de nuevos instrumentos que faciliten los procesos debido a que la elaboración de estados financieros debe realizarse con información actualizada y confiable ya que esta sirve a la administración para la toma de decisiones que influyen en la empresa.
650 1 4 _2LEMB
_aSanta Cruz Verapaz, Alta Verapaz
_xestados financieros
_xauditoría fiscal
_xmanual contable
700 _aLic. Carlos Abraham Sierra Alvarado
_eAsesor
856 _uhttps://drive.google.com/file/d/1jxxhCWLI9OPOkb-30BB13J17o7ammG47/view?usp=sharing
_yPDF
_zUn ejemplar en línea.
942 _2ddc
_cTES
_iTCPA_38
_kClasificación
_n0
_6TCPA__38
999 _c1808
_d1808